000 00402nam a2200133Ia 4500
008 151001s9999||||xx |||||||||||||| ||und||
100 _aदिलीप प्रभावळकर
245 _aछोट्या दोस्तांसाठी एक पात्रिका
250 _a1
260 _bभारद्वाज
260 _c2007
300 _a86
365 _b21
999 _c998232
_d998229